[Event "CHN-ch Rapid/Blitz 4th"]
[Site "Shaoxing"]
[Date "2025.07.15"]
[Round "5.5"]
[White "Ding, Liren"]
[Black "Huang, Renjie"]
[Result "1-0"]
[WhiteElo "2734"]
[BlackElo "2495"]
[PlyCount "71"]
[EventDate "2025.07.13"]
[EventType "k.o. (rapid)"]
[EventRounds "5"]
[EventCountry "CHN"]
[SourceTitle "CB29_2025"]
[SourceDate "2025.07.16"]
[SourceVersion "1"]
[SourceVersionDate "2025.07.16"]
[SourceQuality "1"]

1. c4 c5 2. g3 Nf6 3. Bg2 d5 4. cxd5 Nxd5 5. Nc3 Nc7 6. d3 g6 7. Be3 Nba6 8. Nf3 Bg7 9. 0-0 0-0 10. Rc1 Rb8 11. d4 c4 12. b3 cxb3 13. Qxb3 Be6 14. Qb1 Nd5 15. Nxd5 Bxd5 16. Bf4 Rc8 17. e4 Bc6 18. d5 Bd7 19. Qxb7 Nc5 20. Qb1 Qa5 21. Be5 Bb5 22. Bxg7 Kxg7 23. Rfd1 Ba4 24. Re1 f6 25. Nd4 Rb8 26. Qa1 Nd3 27. Ne6+ Kf7 28. Nxf8 Nxe1 29. Rxe1 Kxf8 30. e5 Bc2 31. exf6 exf6 32. Qxf6+ Kg8 33. Re7 Rb1+ 34. Bf1 Rxf1+ 35. Kxf1 Qa6+ 36. Qxa6 1-0

[Event "Chess.com Classic Winners"]
[Site "Chess.com INT"]
[Date "2025.05.20"]
[Round "1.3"]
[White "Ding, Liren"]
[Black "Praggnanandhaa, Rameshbabu"]
[Result "1/2-1/2"]
[WhiteElo "2734"]
[BlackElo "2758"]
[PlyCount "62"]
[EventDate "2025.05.20"]
[EventType "k.o. (blitz)"]
[EventRounds "5"]
[EventCountry "USA"]
[SourceTitle "CB21_2025"]
[SourceDate "2025.05.21"]
[SourceVersion "1"]
[SourceVersionDate "2025.05.21"]
[SourceQuality "1"]

1. c4 e5 2. g3 Nf6 3. Bg2 Bc5 4. Nc3 c6 5. e3 Bb6 6. d4 exd4 7. exd4 d5 8. cxd5 Nxd5 9. Nxd5 cxd5 10. Ne2 0-0 11. 0-0 Nc6 12. Be3 Bg4 13. Qd2 Bxe2 14. Qxe2 Nxd4 15. Bxd4 Bxd4 16. Rad1 Qf6 17. Bxd5 Rad8 18. Bxb7 Bxb2 19. Qf3 g6 20. Qxf6 Bxf6 21. Bd5 Rd7 22. Bb3 Rfd8 23. Rxd7 Rxd7 24. Rd1 Rxd1+ 25. Bxd1 Bd4 26. Bb3 Bc5 27. Kg2 Kg7 28. Kf3 Kf6 29. Kg2 Kg7 30. Kf3 Kf6 31. Kg2 Kg7 1/2-1/2

[Event "Chess.com Classic Winners"]
[Site "Chess.com INT"]
[Date "2025.05.20"]
[Round "1.2"]
[White "Praggnanandhaa, Rameshbabu"]
[Black "Ding, Liren"]
[Result "0-1"]
[WhiteElo "2758"]
[BlackElo "2734"]
[PlyCount "104"]
[EventDate "2025.05.20"]
[EventType "k.o. (blitz)"]
[EventRounds "5"]
[EventCountry "USA"]
[SourceTitle "CB21_2025"]
[SourceDate "2025.05.21"]
[SourceVersion "1"]
[SourceVersionDate "2025.05.21"]
[SourceQuality "1"]

1. b3 d5 2. Bb2 Bf5 3. d3 e6 4. Nd2 Nf6 5. g3 h6 6. Bg2 Be7 7. e4 Bh7 8. Nh3 0-0 9. 0-0 a5 10. a3 c6 11. Qe2 Qb6 12. Kh1 dxe4 13. dxe4 Qa6 14. Qe1 Rd8 15. Rd1 Nbd7 16. f4 Nc5 17. Nf2 Rd7 18. Qe3 Rad8 19. Kg1 Qb5 20. Bc3 Na6 21. a4 Qc5 22. Qf3 Nxe4 23. Ndxe4 Bxe4 24. Qg4 Qxc3 25. Rxd7 Rxd7 26. Nxe4 Qd4+ 27. Kh1 f5 28. Qg6 fxe4 29. Qxe6+ Kf8 30. Qf5+ Bf6 31. Bxe4 Nc5 32. Bg2 Re7 33. Bf3 Ne4 34. Bh5 Nd6 35. Qh3 Qd5+ 36. Bf3 Qf5 37. Qg2 Ne4 38. Rd1 Nc3 39. Rf1 Nd5 40. g4 Qe6 41. Qg3 Ne3 42. Rg1 Qd6 43. g5 hxg5 44. Qh3 Qxf4 45. Qh8+ Kf7 46. Bh5+ Ke6 47. Qc8+ Kd6 48. Qd8+ Rd7 49. Qb8+ Kc5 50. Qa7+ Kb4 51. Qb6+ Ka3 52. Qc5+ Kb2 0-1

[Event "Chessable Masters Play In"]
[Site "Chess.com INT"]
[Date "2025.02.17"]
[Round "3"]
[White "Ding, Liren"]
[Black "Bjerre, Jonas Buhl"]
[Result "0-1"]
[WhiteElo "2734"]
[BlackElo "2640"]
[PlyCount "138"]
[EventDate "2025.02.17"]
[EventType "swiss (blitz)"]
[EventRounds "9"]
[EventCountry "USA"]
[SourceTitle "CB08_2025"]
[SourceDate "2025.02.19"]
[SourceVersion "1"]
[SourceVersionDate "2025.02.19"]
[SourceQuality "1"]

1. e4 c5 2. Nf3 g6 3. c4 Bg7 4. d4 cxd4 5. Nxd4 Nc6 6. Be3 Qb6 7. Nb3 Qd8 8. Nc3 Bxc3+ 9. bxc3 Nf6 10. Bd3 d6 11. f4 Ng4 12. Bd2 f5 13. Nd4 0-0 14. exf5 Nxd4 15. cxd4 Bxf5 16. Be2 Nf6 17. 0-0 Rc8 18. Qb3 Qd7 19. h3 h5 20. Rac1 Kh7 21. Kh2 b6 22. Be3 Rc7 23. d5 e6 24. Bd4 Be4 25. Qb2 Qe7 26. dxe6 Qxe6 27. Rc3 Qf5 28. Re3 Re7 29. Bd3 Ree8 30. Be2 h4 31. Qd2 Nh5 32. Bg4 Ng3 33. Rxg3 hxg3+ 34. Kxg3 Qf7 35. Kh2 Bf5 36. Bf3 Be4 37. Bg4 Qxc4 38. Rc1 Qf7 39. Qf2 Qxf4+ 40. Qxf4 Rxf4 41. Rc7+ Kg8 42. Rg7+ Kf8 43. Rxa7 Re7 44. Ra3 Bf5 45. Be3 Rfe4 46. Bh6+ Kf7 47. Bf3 Rd4 48. Bg5 Rc7 49. Rb3 Be4 50. Be3 Ra4 51. Bxb6 Rb7 52. Bxe4 Rxe4 53. Rf3+ Ke6 54. Bf2 Rb2 55. a3 Ree2 56. Kg3 Ra2 57. h4 d5 58. Bd4 Rxg2+ 59. Kf4 Rae2 60. Re3+ Rxe3 61. Bxe3 Ra2 62. Bc5 Rc2 63. Bb4 Rc4+ 64. Kg5 d4 65. Kxg6 d3 66. h5 Rg4+ 67. Kh7 Rxb4 68. axb4 d2 69. h6 d1Q 0-1

[Event "Chessable Masters Play In"]
[Site "Chess.com INT"]
[Date "2025.02.17"]
[Round "5"]
[White "Kravtsiv, Martyn"]
[Black "Ding, Liren"]
[Result "1-0"]
[WhiteElo "2598"]
[BlackElo "2734"]
[PlyCount "91"]
[EventDate "2025.02.17"]
[EventType "swiss (blitz)"]
[EventRounds "9"]
[EventCountry "USA"]
[SourceTitle "CB08_2025"]
[SourceDate "2025.02.19"]
[SourceVersion "1"]
[SourceVersionDate "2025.02.19"]
[SourceQuality "1"]

1. e4 c5 2. Nc3 d6 3. f4 g6 4. Nf3 Bg7 5. Bb5+ Bd7 6. Bc4 Nc6 7. d3 Na5 8. Bd2 e6 9. Qe2 Ne7 10. Bb5 Nac6 11. e5 d5 12. Bxc6 Bxc6 13. Qf2 Qb6 14. Rb1 d4 15. Ne4 Bxe4 16. dxe4 Qa6 17. b4 b6 18. bxc5 bxc5 19. Qe2 Qc6 20. Qb5 0-0 21. Qxc6 Nxc6 22. Ke2 Rfb8 23. Kd3 Bf8 24. Kc4 Rb6 25. Rxb6 axb6 26. Kb5 Nb4 27. Bxb4 cxb4 28. Kxb6 Rxa2 29. Nxd4 b3 30. cxb3 Rxg2 31. f5 Rd2 32. Nc6 Rb2 33. fxe6 fxe6 34. Kc7 Rxb3 35. Kd7 Re3 36. Kxe6 Rxe4 37. Rd1 Kg7 38. Rd7+ Kh6 39. Rf7 Ba3 40. Rf3 Bb2 41. Kd5 Re2 42. e6 Rd2+ 43. Kc5 Rc2+ 44. Kb5 Re2 45. e7 Kg7 46. Rf2 1-0

[Event "Olympiad-45"]
[Site "Budapest"]
[Date "2024.09.21"]
[Round "10.1"]
[White "Abdusattorov, Nodirbek"]
[Black "Ding, Liren"]
[Result "1/2-1/2"]
[WhiteElo "2766"]
[BlackElo "2736"]
[PlyCount "68"]
[EventDate "2024.09.11"]
[EventType "team-swiss"]
[EventRounds "11"]
[EventCountry "HUN"]
[SourceTitle "EXT 2025"]
[Source "ChessBase"]
[SourceDate "2024.10.14"]
[SourceVersion "1"]
[SourceVersionDate "2024.10.14"]
[SourceQuality "1"]
[WhiteTeam "Uzbekistan"]
[BlackTeam "China"]
[WhiteTeamCountry "UZB"]
[BlackTeamCountry "CHN"]

1. d4 Nf6 2. Nf3 d5 3. e3 c5 4. dxc5 e6 5. b4 a5 6. c3 axb4 7. cxb4 b6 8. Bb5+ Bd7 9. Bxd7+ Nbxd7 10. a4 bxc5 11. b5 Bd6 12. Bb2 g5 13. g3 g4 14. Nh4 Be5 15. Qc2 Qa5+ 16. Kf1 Bxb2 17. Qxb2 Qb4 18. Qxb4 cxb4 19. Nd2 Ke7 20. h3 Nc5 21. hxg4 Rxa4 22. Rxa4 Nxa4 23. g5 Ne4 24. Nhf3 Nac5 25. Kg2 b3 26. b6 Nxd2 27. Nxd2 b2 28. f3 Na4 29. Rh4 Nxb6 30. Rb4 Nd7 31. Rxb2 h6 32. gxh6 Rxh6 33. Rb7 e5 34. f4 Rb6 1/2-1/2

[Event "Olympiad-45"]
[Site "Budapest"]
[Date "2024.09.16"]
[Round "6.1"]
[White "Ding, Liren"]
[Black "Le, Quang Liem"]
[Result "0-1"]
[WhiteElo "2736"]
[BlackElo "2741"]
[PlyCount "124"]
[EventDate "2024.09.11"]
[EventType "team-swiss"]
[EventRounds "11"]
[EventCountry "HUN"]
[SourceTitle "EXT 2025"]
[Source "ChessBase"]
[SourceDate "2024.10.14"]
[SourceVersion "1"]
[SourceVersionDate "2024.10.14"]
[SourceQuality "1"]
[WhiteTeam "China"]
[BlackTeam "Vietnam"]
[WhiteTeamCountry "CHN"]
[BlackTeamCountry "VIE"]

1. c4 c5 2. Nf3 Nc6 3. Nc3 Nf6 4. g3 d5 5. cxd5 Nxd5 6. Bg2 g6 7. h4 Bg7 8. h5 Bf5 9. h6 Bf6 10. 0-0 0-0 11. Nh2 Nb6 12. a4 Na5 13. Ne4 Bxe4 14. Bxe4 c4 15. d3 Rc8 16. Rb1 Qd7 17. dxc4 Rxc4 18. Qxd7 Nxd7 19. Bf3 Rxa4 20. Ng4 Nb3 21. Rd1 Ne5 22. Nxe5 Bxe5 23. Bg5 Nd4 24. Bxb7 Rb8 25. Bf3 f6 26. Be3 Nxf3+ 27. exf3 Bd6 28. Ra1 Rxa1 29. Rxa1 Rxb2 30. Rxa7 g5 31. Ra8+ Kf7 32. f4 gxf4 33. gxf4 Kg6 34. Rg8+ Kxh6 35. f5+ Kh5 36. Rg7 Rb5 37. Rxh7+ Kg4 38. Kg2 Rb2 39. Rh8 Kxf5 40. Bc5 Rb7 41. Bxd6 exd6 42. Rd8 Ke6 43. Re8+ Re7 44. Ra8 d5 45. Kf3 Ke5 46. Ra1 Re6 47. Ra4 Rb6 48. Ke2 d4 49. f3 f5 50. Ra5+ Kf4 51. Rd5 Rb2+ 52. Ke1 Rh2 53. Kf1 Kxf3 54. Rxf5+ Ke3 55. Re5+ Kd2 56. Ra5 Rh1+ 57. Kf2 d3 58. Ra8 Rh7 59. Ra2+ Kc3 60. Ra3+ Kc2 61. Ra2+ Kb3 62. Ra8 Re7 0-1

[Event "Sinquefield Cup 11th"]
[Site "Saint Louis"]
[Date "2024.08.28"]
[Round "9"]
[White "Vachier Lagrave, Maxime"]
[Black "Ding, Liren"]
[Result "1-0"]
[WhiteElo "2721"]
[BlackElo "2745"]
[PlyCount "73"]
[EventDate "2024.08.19"]
[EventType "tourn"]
[EventRounds "9"]
[EventCountry "USA"]
[EventCategory "21"]
[SourceTitle "CBM 221 Extra"]
[Source "ChessBase"]
[SourceDate "2024.09.30"]
[SourceVersion "1"]
[SourceVersionDate "2024.09.30"]
[SourceQuality "1"]

1. e4 e5 2. Nf3 Nc6 3. Bb5 a6 4. Ba4 Nf6 5. d3 b5 6. Bb3 Bc5 7. c3 d6 8. Bg5 h6 9. Bh4 Ba7 10. 0-0 Na5 11. Bc2 c5 12. Nbd2 g5 13. Bg3 Nh5 14. h3 Rb8 15. Kh1 Rb7 16. Nh2 Nf4 17. Ng4 h5 18. Ne3 g4 19. h4 Ng6 20. Qe1 Kf8 21. f3 c4 22. dxc4 Bxe3 23. Qxe3 Nxc4 24. Nxc4 bxc4 25. b4 gxf3 26. Qxf3 Bg4 27. Qf2 Kg7 28. a4 Re8 29. Bd1 Rd7 30. a5 Nf4 31. Ba4 Nd3 32. Qb6 Re6 33. Bxd7 Qxd7 34. Qxa6 Be2 35. Rf5 Rg6 36. Kh2 d5 37. Rg5 1-0

[Event "Sinquefield Cup 11th"]
[Site "Saint Louis"]
[Date "2024.08.27"]
[Round "8"]
[White "Ding, Liren"]
[Black "Abdusattorov, Nodirbek"]
[Result "1/2-1/2"]
[WhiteElo "2745"]
[BlackElo "2762"]
[PlyCount "45"]
[EventDate "2024.08.19"]
[EventType "tourn"]
[EventRounds "9"]
[EventCountry "USA"]
[EventCategory "21"]
[SourceTitle "CBM 221 Extra"]
[Source "ChessBase"]
[SourceDate "2024.09.30"]
[SourceVersion "1"]
[SourceVersionDate "2024.09.30"]
[SourceQuality "1"]

1. c4 g6 2. d4 Nf6 3. h4 c6 4. Nc3 d5 5. cxd5 cxd5 6. Bf4 Bg7 7. e3 0-0 8. Be2 Qb6 9. Qb3 Qxb3 10. axb3 Nc6 11. Nf3 Bd7 12. Ne5 e6 13. Nd3 Rfc8 14. g4 Bf8 15. g5 Nh5 16. Bxh5 gxh5 17. Kd2 Nb4 18. Ne5 Be8 19. Rhc1 Nc6 20. Nd3 Nb4 21. Ne5 Nc6 22. Nd3 Nb4 23. Ne5 1/2-1/2

[Event "Sinquefield Cup 11th"]
[Site "Saint Louis"]
[Date "2024.08.21"]
[Round "3"]
[White "Ding, Liren"]
[Black "So, Wesley"]
[Result "1/2-1/2"]
[WhiteElo "2745"]
[BlackElo "2751"]
[PlyCount "97"]
[EventDate "2024.08.19"]
[EventType "tourn"]
[EventRounds "9"]
[EventCountry "USA"]
[EventCategory "21"]
[SourceTitle "CBM 221 Extra"]
[Source "ChessBase"]
[SourceDate "2024.09.30"]
[SourceVersion "1"]
[SourceVersionDate "2024.09.30"]
[SourceQuality "1"]

1. e4 e5 2. Nf3 Nc6 3. Bc4 Bc5 4. c3 Nf6 5. d3 d6 6. 0-0 a6 7. Bg5 h6 8. Bh4 Ba7 9. Nbd2 Qe7 10. Re1 0-0 11. Bb3 g5 12. Bg3 g4 13. Nh4 Nh5 14. Nf1 Qg5 15. Ne3 Bd7 16. Rc1 Ne7 17. d4 Rad8 18. Rc2 Nxg3 19. hxg3 h5 20. Rd2 Kg7 21. Kh2 Rh8 22. dxe5 Qxe5 23. f4 gxf3 24. gxf3 Kf8 25. f4 Qg7 26. Qf3 Rg8 27. Nef5 Nxf5 28. Nxf5 Bxf5 29. exf5 h4 30. Rg2 hxg3+ 31. Rxg3 Qxg3+ 32. Qxg3 Rxg3 33. Kxg3 Re8 34. Rxe8+ Kxe8 35. Kf3 Ke7 36. Ke4 c6 37. Bd1 d5+ 38. Kd3 Kf6 39. Bh5 b5 40. b3 a5 41. a4 bxa4 42. bxa4 Kxf5 43. Bxf7 Kxf4 44. Be8 Ke5 45. Bxc6 Bb6 46. Bb5 Ba7 47. Bc6 Bb6 48. Bb5 Ba7 49. Bc6 1/2-1/2

[Event "FIDE World Bl Team Final"]
[Site "Almaty"]
[Date "2024.08.05"]
[Round "1.2"]
[White "Ding, Liren"]
[Black "Utegaliev, Azamat"]
[Result "1-0"]
[WhiteElo "2745"]
[BlackElo "2418"]
[PlyCount "51"]
[EventDate "2024.08.05"]
[EventType "team-k.o. (blitz)"]
[EventRounds "4"]
[EventCountry "KAZ"]
[SourceTitle "CBM 221 Extra"]
[Source "ChessBase"]
[SourceDate "2024.09.30"]
[SourceVersion "1"]
[SourceVersionDate "2024.09.30"]
[SourceQuality "1"]
[WhiteTeam "Decade China"]
[BlackTeam "Greco"]
[WhiteTeamCountry "CHN"]
[BlackTeamCountry "KAZ"]

1. e4 d5 2. exd5 Qxd5 3. Nc3 Qd8 4. d4 g6 5. Nf3 Bg7 6. Bc4 Nf6 7. 0-0 0-0 8. h3 a6 9. a4 Nc6 10. Re1 b6 11. Bg5 Bb7 12. Qd2 Qd6 13. Rad1 Qb4 14. Bf1 Rad8 15. d5 Na5 16. Bf4 c6 17. d6 Nh5 18. dxe7 Rxd2 19. exf8Q+ Bxf8 20. Bxd2 Qxb2 21. Re8 Ng7 22. Rb8 Qxc2 23. Bh6 Qxc3 24. Rdd8 Qc5 25. Ne5 Qe7 26. Nd7 1-0

[Event "FIDE World Rapid Team"]
[Site "Almaty"]
[Date "2024.08.04"]
[Round "11.13"]
[White "Ding, Liren"]
[Black "Suleimen, Ergali"]
[Result "1-0"]
[WhiteElo "2745"]
[BlackElo "2334"]
[PlyCount "63"]
[EventDate "2024.08.02"]
[EventType "team (rapid)"]
[EventRounds "12"]
[EventCountry "KAZ"]
[SourceTitle "CBM 221 Extra"]
[Source "ChessBase"]
[SourceDate "2024.09.30"]
[SourceVersion "1"]
[SourceVersionDate "2024.09.30"]
[SourceQuality "1"]
[WhiteTeam "Decade China"]
[BlackTeam "Kazakhstan GMs"]
[WhiteTeamCountry "CHN"]
[BlackTeamCountry "KAZ"]

1. d4 Nf6 2. c4 g6 3. Nc3 Bg7 4. e4 d6 5. Be2 0-0 6. Nf3 e5 7. 0-0 Bg4 8. d5 a5 9. Be3 Na6 10. Nd2 Bxe2 11. Qxe2 Nh5 12. g3 Qe8 13. Kh1 f5 14. exf5 gxf5 15. g4 Nf4 16. Qf3 fxg4 17. Qxg4 Kh8 18. Rg1 Qe7 19. Nde4 Bh6 20. Rg3 Rg8 21. Qf3 Raf8 22. Rag1 Rxg3 23. Qxg3 Nb4 24. Qg4 Nbd3 25. b3 b6 26. Rg3 Nc5 27. Nxc5 bxc5 28. Ne4 a4 29. bxa4 Rb8 30. h3 Qf7 31. Kh2 Qg6 32. Qh4 1-0

[Event "FIDE World Rapid Team"]
[Site "Almaty"]
[Date "2024.08.03"]
[Round "7.7"]
[White "Ding, Liren"]
[Black "Nihal, Sarin"]
[Result "1/2-1/2"]
[WhiteElo "2745"]
[BlackElo "2668"]
[PlyCount "65"]
[EventDate "2024.08.02"]
[EventType "team (rapid)"]
[EventRounds "12"]
[EventCountry "KAZ"]
[SourceTitle "CBM 221 Extra"]
[Source "ChessBase"]
[SourceDate "2024.09.30"]
[SourceVersion "1"]
[SourceVersionDate "2024.09.30"]
[SourceQuality "1"]
[WhiteTeam "Decade China"]
[BlackTeam "Ashdod"]
[WhiteTeamCountry "CHN"]
[BlackTeamCountry "ISR"]

1. d4 Nf6 2. c4 e6 3. g3 d5 4. Bg2 Bb4+ 5. Bd2 Be7 6. Nf3 0-0 7. 0-0 c6 8. Qc2 Nbd7 9. Bf4 b6 10. cxd5 cxd5 11. Rc1 Bb7 12. Bc7 Qe8 13. Qb3 Rc8 14. Na3 Ne4 15. Nb5 Ndc5 16. dxc5 bxc5 17. Bf4 c4 18. Qa4 Bc5 19. Be3 Bc6 20. Bxc5 Bxb5 21. Qxa7 Nxc5 22. b3 Qd7 23. Qxd7 Nxd7 24. Nd4 cxb3 25. Rxc8 Rxc8 26. axb3 Bc6 27. Rc1 Bb7 28. Rxc8+ Bxc8 29. e4 dxe4 30. Bxe4 Nf6 31. f3 Kf8 32. Kf2 Ke7 33. Ke3 1/2-1/2

[Event "FIDE World Rapid Team"]
[Site "Almaty"]
[Date "2024.08.02"]
[Round "3.7"]
[White "Ding, Liren"]
[Black "Niemann, Hans Moke"]
[Result "1-0"]
[WhiteElo "2745"]
[BlackElo "2711"]
[PlyCount "137"]
[EventDate "2024.08.02"]
[EventType "team (rapid)"]
[EventRounds "12"]
[EventCountry "KAZ"]
[SourceTitle "CBM 221 Extra"]
[Source "ChessBase"]
[SourceDate "2024.09.30"]
[SourceVersion "1"]
[SourceVersionDate "2024.09.30"]
[SourceQuality "1"]
[WhiteTeam "Decade China"]
[BlackTeam "GMHans.com"]
[WhiteTeamCountry "CHN"]
[BlackTeamCountry "USA"]

1. d4 Nf6 2. c4 e6 3. g3 d5 4. Bg2 Be7 5. Nf3 0-0 6. 0-0 dxc4 7. Qc2 b5 8. a4 Bb7 9. axb5 a6 10. bxa6 Nxa6 11. Qxc4 Bd5 12. Qc3 Ne4 13. Qe1 c5 14. Be3 Nb4 15. Rxa8 Qxa8 16. Nc3 Nxc3 17. bxc3 Nc2 18. Qd2 Nxe3 19. Qxe3 cxd4 20. cxd4 Rd8 21. Qf4 Bf6 22. e3 h6 23. h4 Rc8 24. Ne1 Re8 25. Bxd5 Qxd5 26. Qf3 Qc4 27. Qe4 Rc8 28. Nd3 Qb5 29. Ra1 g6 30. Kg2 Qd7 31. h5 g5 32. Rb1 Qc6 33. Qxc6 Rxc6 34. Rb7 Rc2 35. Nc5 Kf8 36. g4 Ra2 37. Kf3 Rc2 38. Nd3 Rd2 39. Rb3 Be7 40. Ke4 Kg7 41. f3 Bd6 42. Ne5 Rf2 43. Nd3 Rd2 44. Rc3 Re2 45. Ne5 Rf2 46. Nc4 Bg3 47. Rb3 Rc2 48. Ne5 Rf2 49. Nc6 Rc2 50. d5 Kf6 51. Rb6 Bf2 52. dxe6 Rc3 53. exf7 Rxe3+ 54. Kd5 Kxf7 55. Ra6 Rd3+ 56. Ke4 Re3+ 57. Kd5 Rd3+ 58. Kc4 Rd1 59. Ne5+ Kg7 60. Rg6+ Kh7 61. Nf7 Rd4+ 62. Kb5 Rf4 63. Nxh6 Rxf3 64. Nf5 Bh4 65. Rg7+ Kh8 66. h6 Rb3+ 67. Kc5 Bf2+ 68. Kd5 Rb5+ 69. Ke4 1-0